Science Quiz

Random Science or Physics Quiz

True or False Blitz: Science Quiz Stats

 Plays Quiz Updated Dec 24, 2017

Challenge
Share
Tweet
Embed
Score 0/20 Timer 02:00
13 Plays Today
Question Answer Wrong Answers
PHYSICS: Ohm's law states that E = mc² False
86%
True
7.5%
SOLAR SYSTEM: the largest planet in the solar system is Jupiter True
84.2%
False
9.1%
PLANTS: spruce trees are evergreen True
83.1%
False
10.4%
ANATOMY: the adjective hepatic refers to the liver True
79.7%
False
13.5%
PHYSICS: gamma rays have higher frequencies than X-rays True
78.2%
False
15.2%
COMPUTING: HTML stands for 'HyperText Markup Language' True
76.4%
False
17%
CHEMISTRY: electrons have a positive charge False
72.8%
True
20.6%
ELEMENTS: Ammonia is a chemical element False
69.9%
True
23.9%
ANIMALS: an eider is a type of duck True
69.4%
False
23.7%
BIOLOGY: cytology is a branch of biology chiefly concerned with the study of diseases False
69.3%
True
24%
MATH: the Pythagorean theorem relates the area of a circle to the length of its radius False
68.2%
True
25.3%
MATH: there are no even prime numbers False
64.8%
True
28.6%
COMPUTING: the binary number 1011 is the same as the decimal number 11 True
59.6%
False
33.6%
INVENTORS: Christopher Cockerell was famous for inventing the hovercraft True
56.8%
False
36.5%
ANATOMY: the metatarsal bones are found in the hand False
54.8%
True
38.5%
ELEMENTS: the chemical symbol of Seaborgium is Sb False
52.1%
True
41.2%
ANIMALS: gibbons have tails False
49.7%
True
43.8%
GEOLOGY: granite is a sedimentary rock False
49.2%
True
44.3%
BIOLOGY: elephants and rhinos are examples of Echinoderms False
49%
True
44.3%
SOLAR SYSTEM: Ganymede is a moon of Saturn False
39.9%
True
53.4%

You're not logged in!

Compare scores with friends on all Sporcle quizzes.
Join for Free
OR
Log In

You Might Also Like...

Show Comments

Extras

Top Quizzes Today


Score Distribution

Your Account Isn't Verified!

In order to create a playlist on Sporcle, you need to verify the email address you used during registration. Go to your Sporcle Settings to finish the process.

Report this User

Report this user for behavior that violates our Community Guidelines.

Details: